00686nam a2200157 a 450000100100000000500170001000800410002704000250006808200180009311101010011124500810021226001020029330000200039565000630041565000500047800002588920200930024129.0110224s1980 dr 000 0 spa d aDO-SdBNPbspacBNPHU a338.18bT147c2 aTaller Evaluativo Nacional Proyecto CENSERI :n(1 :d1981 :cJarabacoa, República Dominicana )10aConclusiones del primer taller evaluativo nacional proyecto CENSERI etapa I. aSantiago de los Caballeros, República Dominicana :bSecretaria de Estado de Agricultura,c1980. a43 P. ;c22 cm. 4aAgriculturaxAspectos económicoszRepública Dominicana 4aPolítica agrícolazRepública Dominicana